National Football League 1970's All-Decade First Team - Statistics

General Stats
  • This quiz has been taken 820 times
  • The average score is 8 of 26
Answer Stats
Hint Answer % Correct
Quarterback Roger Staubach
77%
Defensive Tackle Joe Greene
73%
Wide Receiver Lynn Swann
62%
Safety Cliff Harris
58%
Running Back Walter Payton
58%
Running Back OJ Simpson
55%
Outside Linebacker Jack Ham
54%
Coach Don Shula
44%
Cornerback Willie Brown
42%
Punter Ray Guy
41%
Middle Linebacker Dick Butkus
37%
Cornerback Jimmy Johnson
31%
Tackle Art Shell
28%
Tight End Dave Casper
26%
Wide Receiver Drew Pearson
25%
Defensive Tackle Bob Lilly
23%
Outside Linebacker Ted Hendricks
21%
Defensive End jack youngblood
17%
Defensive End Carl Eller
15%
Guard Larry Little
14%
Center Jim Langer
10%
Safety Ken Houston
10%
Tackle Rayfield Wright
10%
Kicker Garo Yepremian
8%
Kick Returner Rick Upchurch
8%
Guard Joe DeLamielleure
5%
No matching quizzes found
Score Distribution
Percent of People with Each Score
Percentile by Number Answered
Your Score History
You have not taken this quiz